|
|
|
|
| LEADER |
01072nam a2200265 a 4500 |
| 001 |
5458 |
| 003 |
BD-DhAAL |
| 005 |
20141209095324.0 |
| 008 |
1995s1995 bg b 000 0 eng |
| 010 |
|
|
|a 95905630
|
| 020 |
|
|
|a 9840512994
|
| 040 |
|
|
|a DLC
|c DLC
|d BD-DhAAL
|
| 050 |
0 |
0 |
|a SF55.B35
|b A43 1995
|
| 082 |
|
|
|2 22
|a 338.1/095492
|
| 100 |
1 |
|
|a Ālama, Jāhāṅgīra.
|9 6737
|
| 245 |
1 |
0 |
|a Livestock resources in Bangladesh :
|b present status and future potential /
|c Jahangir Alam.
|
| 260 |
|
|
|a Dhaka :
|b University Press Ltd.,
|c 1995.
|
| 300 |
|
|
|a xii, 134 p. ;
|c 22 cm.
|
| 504 |
|
|
|a Includes bibliographical references (p. [111]-116).
|
| 541 |
|
|
|e 5458
|
| 650 |
|
0 |
|a Livestock
|z Bangladesh.
|9 6738
|
| 942 |
|
|
|2 ddc
|c BK
|
| 999 |
|
|
|c 33275
|d 33275
|
| 952 |
|
|
|0 0
|1 0
|2 ddc
|4 0
|6 338_109549200000000_ALA
|7 0
|9 44433
|a BRACUL
|b BRACUL
|c GEN
|d 2014-12-09
|g 250.00
|l 0
|o 338.1095492 ALA
|p 3010005458
|r 2014-12-09
|t 1
|w 2014-12-09
|y BK
|
| 952 |
|
|
|0 0
|1 0
|2 ddc
|4 0
|6 338_109549200000000_ALA
|7 0
|9 44449
|a BRACUL
|b BRACUL
|c GEN
|d 2014-12-09
|g 250.00
|l 0
|o 338.1095492 ALA
|p 3010005433
|r 2014-12-09
|t 2
|w 2014-12-09
|y BK
|